Architektura dohledu se mění institucionální uspořádaní dohledu nad finančním trhem a postavení centrálních bank v Evropské unii
Centrálne banky a štrukturálne zmeny v dôsledku konsolidácie finančných trhov v EÚ. Modely regulačných pravidiel. Úlohy centrálnych bánk a usporiadenie systému finančnej regulácie. Zmeny na medzinárodnej úrovni.
Salvato in:
| Autore principale: | |
|---|---|
| Natura: | Capitolo di libro |
| Lingua: | ceco |
| Soggetti: | |
| Tags: |
Nessun Tag, puoi essere il primo ad aggiungerne!!
|
MARC
| LEADER | 00000naa a2200000 4500 | ||
|---|---|---|---|
| 001 | 0125042 | ||
| 005 | 20231129093537.7 | ||
| 041 | 0 | |a cze | |
| 044 | |a CZ | ||
| 245 | 1 | 0 | |a Architektura dohledu se mění |b institucionální uspořádaní dohledu nad finančním trhem a postavení centrálních bank v Evropské unii |c Martina Petrušová |
| 520 | |a Centrálne banky a štrukturálne zmeny v dôsledku konsolidácie finančných trhov v EÚ. Modely regulačných pravidiel. Úlohy centrálnych bánk a usporiadenie systému finančnej regulácie. Zmeny na medzinárodnej úrovni. | ||
| 610 | 2 | 0 | |a Európska únia |
| 610 | 2 | 0 | |a trh finančný |
| 610 | 2 | 0 | |a banky centrálne |
| 610 | 2 | 0 | |a inštitúcie finančné |
| 610 | 2 | 0 | |a sústava banková |
| 610 | 2 | 0 | |a solventnosť |
| 610 | 2 | 0 | |a likvidita |
| 610 | 2 | 0 | |a dohľad bankový |
| 610 | 2 | 0 | |a stabilita finančná |
| 610 | 2 | 0 | |a spolupráca medzinárodná |
| 100 | 1 | |a Petrušová, Martina | |